| 000 | 00702nam a22002057a 4500 | ||
|---|---|---|---|
| 005 | 20230302073806.0 | ||
| 008 | 230302b |||||||| |||| 00| 0 eng d | ||
| 020 | _a978-1-133-01347-1 | ||
| 082 | _a660.28 Sp742 2013 | ||
| 100 |
_aSpeegle, Michael _eauthor |
||
| 245 |
_aSafety, health and environmental concepts for the process industry / _cMichael Speegle |
||
| 250 | _a2nd ed. | ||
| 260 |
_aClifton Park, NY: _bDelmar, _cc2013 |
||
| 300 |
_aviii, 328p.: _bill. |
||
| 504 | _aIncludes bibliographical references and index | ||
| 541 | _e5437 | ||
| 650 | _aChemical processes - Safety measures | ||
| 650 | _aChemical engineering - Safety measures | ||
| 650 | _aChemical engineers - Health and hygiene | ||
| 999 |
_c1496 _d1496 |
||